| 000 | 01912naa2a2200193 4500 | ||
|---|---|---|---|
| 001 | RU\NLR\BIBL_A\010808572 | ||
| 005 | 20240728194615.0 | ||
| 035 | _a(NLR Aleph) 010808572 | ||
| 090 |
_a10193603 _c10193603 |
||
| 100 | _a20150727d2012 u y0rusy50 ca | ||
| 101 | 0 |
_arus _aeng _eeng |
|
| 102 | _aRU | ||
| 105 | _ay z 000 y | ||
| 200 | 1 | _aАрхимадрит Антонин (Капустин) и Синайская Библия | |
| 210 | _d2012 | ||
| 463 | 0 |
_1001RU\NLR\BIBL_A\010808534 _12001#$aСинайский кодекс и памятники древней христианской письменности: традиции и инновации в современных исследованиях$vС. 23-30 _910193442 _a(Пятые Загреб. чтения), Санкт-Петербург, 12-13 ноября 2009 г. _cСанкт-Петербург _d2012 _lCodex Sinaiticus and old manuscripts of early christian writting: traditions and innovations in modern research _nРоссийская национальная библиотека _oтруды Международной научной конференции "Синайский кодекс. Рукопись в современном информационном пространстве", Санкт-Петербург, [и материалы выставки "Синайский кодекс и рукописи Синая в фондах Российской национальной библиотеки" и Форум, проходивших в рамках Загребинских чтений] _p260 с. _tСинайский кодекс и памятники древней христианской письменности: традиции и инновации в современных исследованиях _y9785819204283 _vС. 23-30 |
|
| 700 | 1 |
_aВах _bК.А. _gКирилл Алексеевич _4070 |
|
| 942 | _cBOOK | ||